Holiday Quiz

Random Holiday or Lyrics Quiz

Christmas Carols by Second Verse Quiz Stats

 Plays Quiz Updated Dec 4, 2017

Score 0/24 Timer 10:00
4 Plays Today
Lyric Song % Correct
He's making a list / He's checking it twiceSanta Claus is Coming to Town
77.2%
It doesn't show signs of stopping / And I've bought some corn for poppingLet it Snow
74.4%
Gone away is the bluebird / Here to stay is a new birdWinter Wonderland
67.7%
The cattle are lowing / the poor Baby wakesAway in a Manger
66.1%
He rules the world with truth and grace / And makes the nations prove (4th verse)Joy to the World
61.9%
A day or two ago / I thought I'd take a rideJingle Bells
59.3%
Christ by highest heaven adored / Christ the everlasting LordHark! The Herald Angels Sing
56.4%
Sing choirs of angels / Sing in exhultationO Come All Ye Faithful
55.2%
She'd been drinkin' too much eggnog / And we'd begged her not to goGrandma Got Run Over By A Reindeer
52.6%
Strings of street lights, even stop lights / Blink a bright red and greenSilver Bells
50.2%
Everybody knows a turkey and some mistletoe / Help to make the season brightThe Christmas Song
48.8%
Outside the snow is falling / And friends are calling 'Yoo Hoo'Sleigh Ride
45.3%
Lyric Song % Correct
Born a King on Bethlehem's plain / Gold I bring to crown Him againWe Three Kings
38.6%
For Christ is born of Mary / And gathered all aboveO Little Town of Bethlehem
35.9%
Shepherds, why this jubilee? / Why your joyous strains prolong?Angels We Have Heard on High
32.4%
And so this is Christmas / For Weak and For StrongHappy Xmas (War is Over)
28.3%
But say a prayer, pray for the other ones / At Christmastime it's hard, but when you're having funDo They Know It's Christmas
23.6%
Why lies He in such mean estate / Where ox and ass are feedingWhat Child is This
22.9%
Led by the light of Faith serenely beaming / With glowing hearts by His cradle we standO Holy Night
22.5%
Not only in the summertime / But even in winter is thy primeO Christmas Tree
21.7%
Hither, page, and stand by me / If thou know'st it, tellingGood King Wenceslas
17.8%
Still through the cloven skies they come / With peaceful wings unfurledIt Came Upon a Midnight Clear
14%
In Bethlehem, in Israel / The blessed babe was bornGod Rest Ye Merry Gentlemen
13.1%
When the clock is striking twelve / When I'm fast asleepJolly Old Saint Nicholas
8.6%

You're not logged in!

Compare scores with friends on all Sporcle quizzes.
OR
Log In

Sporcle TV

Today on Sporcle TV


Watch our educational content, quiz creation guides, and fun videos on Sporcle TV.

Show Comments

Extras

Top Quizzes Today


Score Distribution

Your Account Isn't Verified!

In order to create a playlist on Sporcle, you need to verify the email address you used during registration. Go to your Sporcle Settings to finish the process.

Report this User

Report this user for behavior that violates our Community Guidelines.

Details: